• 首页
  • 本馆介绍
  • 公告通知
  • 最新文献
  • 馆藏检索
  • 电子资源
  • 读者导购
  • 参考咨询
  • 我的图书馆
  • 登录
  • 详细信息显示
  • 放入我的书架
  • 预约/预借图书
  • 作者相关作品
  • 分类相关作品
  • 丛书相关作品
  • 出版社相关作品

书目信息

  • 表格格式
  • 工作单格式
  • 卡片格式
题名:
寄小读者
    
 
作者: 冰心 著 ;崔钟雷 主编
分册:  
出版信息: 哈尔滨   黑龙江美术出版社  2016.07
页数: 145
开本: 23cm
丛书名:
单 册:
中图分类: I286.6
科图分类:
主题词: 儿童文学--中国 , 儿童文学--中国--丛书
电子资源:
ISBN: 978-7-5318-8895-6
000 00688nam0 2200229 450
001 2338222486
005 20231007105102.69
010    @a978-7-5318-8895-6@dCNY19.80
100    @a20230926d2016 km y0chiy0120 ea
101 0  @achi
102    @aCN@b230000
200 1  @a寄小读者@AJi Xiao Du Zhe@f冰心著;崔钟雷主编@FBing Xin Zhu;Cui Zhong Lei Zhu Bian
210    @a哈尔滨@c黑龙江美术出版社@d2016.07
215    @a145@d23cm
300    @a世界经典文学馆
606 0  @a儿童文学@x中国
606 0  @a儿童文学@x中国@x丛书
690    @aI286.6@v4
701  0 @a冰心@ABing Xin@4著
702  0 @a崔钟雷@ACui Zhong Lei@4主编
801  0 @aCN@b大连网信软件有限公司图书馆·11@c20231007
905    @dI286.6@e72
    
    寄小读者/冰心著;崔钟雷主编.-哈尔滨:黑龙江美术出版社,2016.07
    145;23cm
    世界经典文学馆
    
    ISBN 978-7-5318-8895-6:CNY19.80
    
●
相关链接 在E读中查询图书 在五车中查询图书 在当当中查询图书 在豆瓣中查询图书


正题名:寄小读者     索取号:I286.6/72         预约/预借

序号 登录号 条形码 馆藏地/架位号 状态 备注
1 1052992   210529926   第一样本阅览室/ [索取号:I286.6/72] 在馆    
唐山师范学院图书馆 欢迎您!
大连网信软件有限公司© 版权所有